| 000 | 00368nam a22001337a 4500 | ||
|---|---|---|---|
| 005 | 20260114130540.0 | ||
| 008 | 260114b |||||||| |||| 00| 0 eng d | ||
| 020 | _a9789352691258 | ||
| 100 |
_aJakhar Manoj _d2019 |
||
| 245 |
_aCyber Crime _bAn Introduction _c/ Manoj Jakhar |
||
| 260 |
_aNew Delhi _bRandom Publication _c2019 |
||
| 300 |
_a246 pgs _c24cm |
||
| 942 |
_2ddc _cBK _n0 |
||
| 999 |
_c116 _d116 |
||